000 00766cab a2200217 4500
001 ABS41301
008 090401t1989 xxu||||| |||| 00| 0 eng d
035 _a(Sirsi) u29457
041 _aeng
100 _aAlogoskoufi, D.
245 _aQuantity discounts on premiums: the Central London office market today
260 _c1989
350 _a0
490 _aRent Review & Lease Renewal
_v9(4) Summer 1989, 337-344(8)
520 _aStudies the link between the size of buildings and the changing requirements of office space and rental growth of offices , taking statistics from deals in Central London during 1988.
650 _aOCCUPIERS REQUIREMENTS
690 _aPROPERTY-COMMERCIAL PROPERTY
700 _aHill, E.
942 _n0
948 _c04/03/1997
999 _c19840
_d19840